000 00860nam a2200277 i 4500
001 000041390
003 DO-SdBNP
005 20240412074301.0
007 ta
008 131001s2011 dr 000 j spa d
020 _a9789945475159
040 _aDO-SdBNP
_bspa
_cBNPHU
_erda
082 4 _aRD863.44
_bL864b
_222
100 1 _aLópez Reyes, Oscar,
_9750
_eautor
245 1 0 _aBrujas en el jardín. :
_b(cuentos de leyendas con ironías) /
_cOscar López Reyes.
264 _aSanto Domingo :
_bRumbo Sur,
_c2011.
300 _a72 páginas ;
_c23 cm.
336 _2rdacontent
_atexto
_btxt
337 _2rdamedia
_asin mediación
_bn
338 _2rdacarrier
_avolumen
_bnc
590 _aInventariado, 2020/YL
650 0 _aCuentos dominicanos
_9176
650 0 _aLiteratura dominicana.
_967
910 _aValidado. Control de calidad MFF
942 _2ddc
_cLBS1
999 _c40880
_d40880